000 00422cam a2200181 4500
001 D13181
008 090401t1912 xxu||||| |||| 00| 0 eng d
035 _a(Sirsi) u8221
041 _aeng
100 _aKonstam, E.M.
245 _aReports of rating appeals. 1909-1912
260 _aLondon
_bButterworth
_c1912
350 _a0
520 _aShelf 117
700 _aWard, Harold R
942 _n0
948 _c04/03/1997
999 _c86498
_d86498